书目信息 |
| 题名: |
防震减灾业务基础
|
|
| 作者: | ;中国地震局 编 | |
| 分册: | ||
| 出版信息: | 北京 地震出版社 2017.04 |
|
| 页数: | 338页 | |
| 开本: | 26cm | |
| 丛书名: | ||
| 单 册: | ||
| 中图分类: | P315.9 , P315.94 | |
| 科图分类: | ||
| 主题词: | 防震减灾--培训--教材 | |
| 电子资源: | ||
| ISBN: | 978-7-5028-4826-2 | |
| 000 | 00855nam0 2200241 450 | |
| 001 | 992 | |
| 005 | 20180927092043.02 | |
| 010 | @a978-7-5028-4826-2@dCNY98.00 | |
| 100 | @a20170905d2017 em y0chiy50 ea | |
| 101 | 0 | @achi |
| 102 | @aCN@b110000 | |
| 105 | @aa z 000yy | |
| 200 | 1 | @a防震减灾业务基础@9fang zhen jian zai ye wu ji chu@f中国地震局震害防御司编 |
| 210 | @a北京@c地震出版社@d2017.04 | |
| 215 | @a338页@c图,照片@d26cm | |
| 300 | @a市县防震减灾培训教材 | |
| 330 | @a本书共分6章,主要包括地震与地震灾害、地震监测预测、地震灾害预防、地震应急救援、地震烈度速报、地震预警以及防震减灾科普教育等防震减灾工作必备的基本专业知识。 | |
| 606 | 0 | @a防震减灾@x培训@j教材 |
| 690 | @aP315.9@v5 | |
| 690 | @aP315.94@v4 | |
| 711 | 02 | @a中国地震局@9zhong guo di zhen ju@b震害防御司@4编 |
| 801 | 0 | @aCN@b91MARC@c20170905 |
| 905 | @aMuseLib@dP315.94@e129 | |
| 防震减灾业务基础/中国地震局震害防御司编.-北京:地震出版社,2017.04 |
| 338页:图,照片;26cm |
| 市县防震减灾培训教材 |
| ISBN 978-7-5028-4826-2:CNY98.00 |
| 本书共分6章,主要包括地震与地震灾害、地震监测预测、地震灾害预防、地震应急救援、地震烈度速报、地震预警以及防震减灾科普教育等防震减灾工作必备的基本专业知识。 |
| ● |
| 相关链接 |
|
|
|
|
正题名:防震减灾业务基础
索取号:P315.94/129
 
预约/预借
| 序号 | 登录号 | 条形码 | 馆藏地/架位号 | 状态 | 备注 |
| 1 | 1120649 | 211206498 | 第二样本阅览室/ [索取号:P315.94/129] | 在馆 | |
| 2 | 1120650 | 211206504 | 第三借阅区/ [索取号:P315.94/129] | 在馆 | |
| 3 | 1120651 | 211206513 | 第三借阅区/ [索取号:P315.94/129] | 在馆 | |
| 4 | 1120652 | 211206522 | 第三借阅区/ [索取号:P315.94/129] | 在馆 | |
| 5 | 1120653 | 211206531 | 第三借阅区/ [索取号:P315.94/129] | 在馆 |